Effect Of Almitrine Versus Doxapram On Postoperative Pulmonary Complications In High Risk Patients / (رقم التسجيلة. 179690)

تفاصيل مارك
000 -LEADER
fixed length control field 01647namaa22003371i 4500
005 - أخر تعامل مع التسجيلة
control field 20260423102544.0
008 - FIXED-LENGTH DATA ELEMENTS--GENERAL INFORMATION
fixed length control field 260423s1995 ua a|||frm||| 000 0 eng d
040 ## - CATALOGING SOURCE
Original cataloguing agency EG-GICUC
Language of cataloging eng
Transcribing agency EG-GICUC
Modifying agency EG-GICUC
Description conventions rda
041 0# - LANGUAGE CODE
Language code of text/sound track or separate title eng
Language code of summary or abstract eng
-- ara
049 ## - Acquisition Source
Acquisition Source Deposite
097 ## - Degree
Degree Ph.D
099 ## - LOCAL FREE-TEXT CALL NUMBER (OCLC)
Local Call Number Cai01.11.01.PhD.1995.Sh.E.
100 0# - MAIN ENTRY--PERSONAL NAME
Authority record control number or standard number Shereen Moustafa Amin,
Preparation preparation.
245 10 - TITLE STATEMENT
Title Effect Of Almitrine Versus Doxapram On Postoperative Pulmonary Complications In High Risk Patients /
Statement of responsibility, etc. By Shereen Moustafa Amin; Suervised By Prof.Dr. Salah EL-Khateeb, Prof.Dr. Fawzeya Abu EL-Fetouh, Prof.Dr. Mouhammed K. EL Sourougi, Prof.Dr. Ashraf M. Hatem.
246 15 - VARYING FORM OF TITLE
Title proper/short title تأثير عقار الالمترين ومقارنته بعقار الدوكسابرام على المضاعفات الرئوية بعد العمليات الجراحية للمرضى ذوي الخطورة العاليه /
264 #0 - PRODUCTION, PUBLICATION, DISTRIBUTION, MANUFACTURE, AND COPYRIGHT NOTICE
Date of production, publication, distribution, manufacture, or copyright notice 1995.
300 ## - PHYSICAL DESCRIPTION
Extent 220 pages :
Other physical details illustrations ;
Dimensions 30 cm. +
336 ## - CONTENT TYPE
Source rda content
Content type term text
337 ## - MEDIA TYPE
Source rdamedia
Media type term Unmediated
338 ## - CARRIER TYPE
Source rdacarrier
Carrier type term volume
502 ## - DISSERTATION NOTE
Dissertation note Thesis (Ph.D)-Cairo University, 1995.
504 ## - BIBLIOGRAPHY, ETC. NOTE
Bibliography, etc. note Bibliography: pages 201-220.
653 #0 - INDEX TERM--UNCONTROLLED
Uncontrolled term Anaesthesia
700 0# - ADDED ENTRY--PERSONAL NAME
Personal name Salah EL-Khatee
Relator term thesis advisor.
700 0# - ADDED ENTRY--PERSONAL NAME
Personal name Fawzeya Abu EL-Fetouh
Relator term thesis advisor.
700 0# - ADDED ENTRY--PERSONAL NAME
Personal name Mouhammed K. EL Sourougi
Relator term thesis advisor.
700 0# - ADDED ENTRY--PERSONAL NAME
Personal name Ashraf M. Hatem
Relator term thesis advisor.
900 ## - Thesis Information
Department Department of Anaesthesiology
Faculties Faculty of Medicine
Universities Cairo University
Grant date 1995
Supervisory body Salah EL-Khatee
-- Fawzeya Abu EL-Fetouh
-- Mouhammed K. EL Sourougi
-- Ashraf M. Hatem
905 ## - Cataloger and Reviser Names
Cataloger Name Eman El gebaly
942 ## - ADDED ENTRY ELEMENTS (KOHA)
Source of classification or shelving scheme Dewey Decimal Classification
Koha item type Thesis
Edition 21
Suppress in OPAC No
المقتنيات
Source of classification or shelving scheme Home library Current library Date acquired Inventory number Full call number Barcode Date last seen Effective from Koha item type
Dewey Decimal Classification المكتبة المركزبة الجديدة - جامعة القاهرة مكتبة المئوية 23.04.2026 26917 Cai01.11.01.PhD.1995.Sh.E. 01010110026917000 23.04.2026 23.04.2026 Thesis
Cairo University Libraries Portal Implemented & Customized by: Eng. M. Mohamady Contacts: new-lib@cl.cu.edu.eg | cnul@cl.cu.edu.eg
CUCL logo CNUL logo
© All rights reserved — Cairo University Libraries
CUCL logo
Implemented & Customized by: Eng. M. Mohamady Contact: new-lib@cl.cu.edu.eg © All rights reserved — New Central Library
CNUL logo
Implemented & Customized by: Eng. M. Mohamady Contact: cnul@cl.cu.edu.eg © All rights reserved — Cairo National University Library